000 00664nam a2200241Ia 4500
001 3095
003 GE_BSU
008 181216s||||||||xx |||||||||||||| ||und||
020 _a5856391829
040 _cGE_BSU
080 _a330.1(075.8)
245 _aЭкономика
245 _bучебник по курсу, "экономическая категория",
245 _cперераб..и доп. под ред. А.С. Булатова.
250 _aиздание 2-е
260 _aМосква
260 _bБЕК
260 _c1997
300 _a816 с. 21 см.
541 _h15 л. 10 т.
653 _aЭкономика
942 _cBK
999 _c37139
_d37139